000 00287nam a2200121Ia 4500
008 191201s2014 xx 000 0 und d
100 _aRAI,Ushakiran
245 0 _aExport Import Logistics Management
260 _aN. Delhi
_bPhi
_c2014
300 _a317
650 _aBBA
942 _2ddc
_cBK
999 _c6457
_d6457